000 00744nam a2200217Ia 4500
008 0000001988 sp a 0000000000spa00
020 _a8440410220
090 _aPSP00 C17m
100 1 _aCárdenas, Marta
_d1944
245 1 0 _aMarta Cárdenas
_b: obra 1986-1987
_c/ fotografías Oronoz
300 _a[48] p.
_c/ 28 cm.
500 _aExposición realizada en Galería Soledad Lorenzo, Madrid, Diciembre 1, 1987 Enero, 1988
600 0 0 _aCARDENAS, MARTA, 1944/
_xTRABAJOS PICTORICOS
650 1 4 _aARTE CONTEMPORANEO ESPAÑOL
650 1 4 _xCATALOGOS
650 1 4 _xEXPOSICIONES
650 1 4 _aPINTORES ESPAÑOLES
650 1 4 _aPINTURA ESPAÑOLA
700 1 _aOronoz
999 _c6059
_d6059
260 _aMadrid : Galería Soledad Lorenzo
_c1988